[Event "Maresme op 16th"]
[Site "Maresme"]
[Date "2019.11.23"]
[Round "7"]
[White "Infiesta Aguila, Agusti"]
[Black "Soldado Pastor, Lucas"]
[Result "1/2-1/2"]
[WhiteElo "1259"]
[BlackElo "1783"]
[PlyCount "59"]
[EventDate "2019.09.29"]
[EventType "swiss"]
[EventRounds "8"]
[EventCountry "ESP"]
[SourceTitle "CBM 193 Extra"]
[Source "ChessBase"]
[SourceDate "2020.01.31"]
[SourceVersion "1"]
[SourceVersionDate "2020.01.31"]
[SourceQuality "1"]

1. c4 Nf6 2. d4 e6 3. g3 Bb4+ 4. Bd2 Qe7 5. Bg2 0-0 6. a3 Bxd2+ 7. Nxd2 d5 8. c5 e5 9. dxe5 Qxe5 10. b4 a5 11. Ngf3 Qc3 12. Qc1 axb4 13. Qxc3 bxc3 14. Nb3 Bd7 15. 0-0 Ba4 16. Nfd4 Bxb3 17. Nxb3 Ra4 18. e3 Nc6 19. Rfc1 Rfa8 20. Rxc3 Rxa3 21. Rac1 Ne5 22. h3 c6 23. Nd4 Nd3 24. Rxa3 Rxa3 25. Rb1 g6 26. Rxb7 Ra1+ 27. Kh2 Nxc5 28. Rb6 Ra2 29. Rxc6 Ncd7 30. Rc2 1/2-1/2

[Event "Maresme op 16th"]
[Site "Maresme"]
[Date "2019.11.09"]
[Round "5"]
[White "Puig Vila, Esteve"]
[Black "Soldado Pastor, Lucas"]
[Result "0-1"]
[WhiteElo "1420"]
[BlackElo "1783"]
[PlyCount "44"]
[EventDate "2019.09.29"]
[EventType "swiss"]
[EventRounds "8"]
[EventCountry "ESP"]
[SourceTitle "CBM 193 Extra"]
[Source "ChessBase"]
[SourceDate "2020.01.31"]
[SourceVersion "1"]
[SourceVersionDate "2020.01.31"]
[SourceQuality "1"]

1. e4 d5 2. exd5 Qxd5 3. Nc3 Qa5 4. Nf3 Nf6 5. d3 c6 6. Be2 Bf5 7. 0-0 Nbd7 8. Bd2 Qc7 9. Re1 e6 10. h3 Bd6 11. a3 0-0-0 12. b4 h6 13. Be3 g5 14. Nd4 Rdg8 15. f3 h5 16. Ne4 g4 17. Nxf5 exf5 18. Nxf6 Nxf6 19. Bd4 Be5 20. Bxe5 Qxe5 21. fxg4 hxg4 22. hxg4 Qd4+ 0-1

[Event "Maresme op 16th"]
[Site "Maresme"]
[Date "2019.09.29"]
[Round "1"]
[White "Garcia Pitarch, Raul"]
[Black "Soldado Pastor, Lucas"]
[Result "0-1"]
[WhiteElo "1324"]
[BlackElo "1783"]
[PlyCount "60"]
[EventDate "2019.09.29"]
[EventType "swiss"]
[EventRounds "8"]
[EventCountry "ESP"]
[SourceTitle "CBM 193 Extra"]
[Source "ChessBase"]
[SourceDate "2020.01.31"]
[SourceVersion "1"]
[SourceVersionDate "2020.01.31"]
[SourceQuality "1"]

1. d4 Nf6 2. Bf4 e6 3. e3 b6 4. Nd2 Bb7 5. Ngf3 Be7 6. h3 0-0 7. Bd3 d6 8. Bh2 Nbd7 9. 0-0 c5 10. c3 d5 11. Re1 Ne4 12. Ne5 Ndf6 13. f3 Nxd2 14. Qxd2 Nd7 15. f4 f5 16. Kh1 Nf6 17. Rg1 Ne4 18. Qe2 Bh4 19. g3 Bf6 20. Rg2 Bxe5 21. fxe5 Qg5 22. g4 Qh4 23. Rf1 fxg4 24. Qxg4 Qxg4 25. hxg4 Rxf1+ 26. Bxf1 Rf8 27. Kg1 Rf3 28. Re2 Ba6 29. Kg2 Bxe2 30. Bxe2 Rf2+ 0-1

[Event "Mem Vinas 15th A"]
[Site "Mataro"]
[Date "2019.06.22"]
[Round "7.10"]
[White "Soldado Pastor, Lucas"]
[Black "Fernandez Herrera, Aleix"]
[Result "1/2-1/2"]
[WhiteElo "1800"]
[BlackElo "1563"]
[PlyCount "87"]
[EventDate "2019.05.04"]
[EventType "swiss"]
[EventRounds "8"]
[EventCountry "ESP"]
[SourceTitle "EXT 2024"]
[Source "ChessBase"]
[SourceDate "2023.10.10"]
[SourceVersion "1"]
[SourceVersionDate "2023.10.10"]
[SourceQuality "1"]

1. e4 e6 2. d4 d5 3. exd5 exd5 4. c4 Nf6 5. Nc3 Be7 6. Nf3 0-0 7. Bd3 dxc4 8. Bxc4 Bg4 9. 0-0 Nbd7 10. h3 Bh5 11. Bg5 c6 12. g4 Bg6 13. Nh4 Nb6 14. Nxg6 hxg6 15. Bb3 Qd7 16. Qd3 Nbd5 17. Rae1 Kh8 18. Qg3 Bb4 19. a3 Nxc3 20. bxc3 Bxa3 21. Qh4+ Nh7 22. Be7 Bxe7 23. Rxe7 Qd6 24. Rxb7 f6 25. Re1 Rab8 26. Ree7 Rxb7 27. Rxb7 Rb8 28. Rxb8+ Qxb8 29. Bf7 Qb1+ 30. Kh2 Qe4 31. Qg3 Ng5 32. Qb8+ Kh7 33. Qg8+ Kh6 34. Qh8+ Nh7 35. Bg8 g5 36. Bxh7 Qxh7 37. Qe8 Qg6 38. Qxc6 Qc2 39. Kg2 a5 40. Qa8 a4 41. Qe8 Kh7 42. Qh5+ Kg8 43. Qe8+ Kh7 44. Qh5+ 1/2-1/2

[Event "Mem Vinas 15th A"]
[Site "Mataro"]
[Date "2019.06.15"]
[Round "6.12"]
[White "Santos Ramos, Carlos"]
[Black "Soldado Pastor, Lucas"]
[Result "0-1"]
[WhiteElo "1846"]
[BlackElo "1800"]
[PlyCount "124"]
[EventDate "2019.05.04"]
[EventType "swiss"]
[EventRounds "8"]
[EventCountry "ESP"]
[SourceTitle "EXT 2024"]
[Source "ChessBase"]
[SourceDate "2023.10.10"]
[SourceVersion "1"]
[SourceVersionDate "2023.10.10"]
[SourceQuality "1"]

1. Nf3 d5 2. g3 Nf6 3. Bg2 Bf5 4. 0-0 h6 5. d3 e6 6. Bf4 Bd6 7. Ne5 Qe7 8. d4 c5 9. c3 0-0 10. f3 Nc6 11. Nxc6 bxc6 12. Bxd6 Qxd6 13. Nd2 cxd4 14. cxd4 Qb4 15. Nb3 Rab8 16. Re1 a5 17. e4 dxe4 18. fxe4 Bg4 19. Qd3 a4 20. Nc5 Rbd8 21. e5 Rxd4 22. Qc3 Nd5 23. Qxb4 Rxb4 24. Re4 Rxe4 25. Bxe4 Rb8 26. Nxa4 Rb4 27. Bxd5 cxd5 28. b3 Re4 29. Nc5 Rxe5 30. a4 d4 31. b4 Rd5 32. Nd3 e5 33. a5 Bd7 34. a6 e4 35. a7 Bc6 36. a8Q+ Bxa8 37. Rxa8+ Kh7 38. Nf4 Rb5 39. Ra4 g5 40. Ne2 d3 41. Nc3 e3 42. Kf1 Rf5+ 43. Ke1 Rf2 44. Ra2 d2+ 45. Kd1 Rxh2 46. b5 Rh1+ 47. Ke2 d1Q+ 48. Nxd1 Rh2+ 49. Kxe3 Rxa2 50. Nc3 Rb2 51. Kd4 h5 52. Kc5 h4 53. gxh4 gxh4 54. b6 h3 55. Ne4 h2 56. Ng3 Rb1 57. Kc6 h1Q+ 58. Nxh1 Rxh1 59. b7 Rc1+ 60. Kd6 Rb1 61. Kc7 f5 62. b8Q Rxb8 0-1

[Event "Mem Vinas 15th A"]
[Site "Mataro"]
[Date "2019.06.08"]
[Round "5.12"]
[White "Soldado Pastor, Lucas"]
[Black "Garcia Payas, Alex"]
[Result "0-1"]
[WhiteElo "1800"]
[BlackElo "1832"]
[PlyCount "106"]
[EventDate "2019.05.04"]
[EventType "swiss"]
[EventRounds "8"]
[EventCountry "ESP"]
[SourceTitle "EXT 2024"]
[Source "ChessBase"]
[SourceDate "2023.10.10"]
[SourceVersion "1"]
[SourceVersionDate "2023.10.10"]
[SourceQuality "1"]

1. e4 e6 2. d4 d5 3. exd5 exd5 4. c4 Nf6 5. Nc3 c6 6. Nf3 Be7 7. Bd3 0-0 8. h3 dxc4 9. Bxc4 Nbd7 10. 0-0 Nb6 11. Bb3 Nfd5 12. Qd3 Be6 13. Bc2 g6 14. a3 Nxc3 15. Qxc3 Nd5 16. Qe1 Bf6 17. Bh6 Re8 18. Qd2 Qb6 19. Rab1 Rad8 20. Bg5 Rd7 21. Bxf6 Nxf6 22. Qh6 Ba2 23. Rbe1 Rxe1 24. Rxe1 Qxb2 25. Ng5 Rd8 26. Nxh7 Nxh7 27. Bxg6 fxg6 28. Qxg6+ Kh8 29. Re7 Qb1+ 30. Qxb1 Bxb1 31. Rxb7 Bd3 32. Rxa7 Rxd4 33. a4 Bc2 34. a5 Ra4 35. a6 Be4 36. Re7 Nf6 37. a7 c5 38. g4 Bd5 39. g5 Ra1+ 40. Kh2 Nh5 41. a8Q+ Bxa8 42. Re8+ Kg7 43. Rxa8 Rxa8 44. Kg2 Rd8 45. Kf3 c4 46. Kg4 Kg6 47. f4 Rd4 48. Kf3 Nxf4 49. Ke3 Ne6 50. h4 c3 51. h5+ Kxh5 52. g6 Kxg6 53. Ke2 c2 0-1

[Event "Mem Vinas 15th A"]
[Site "Mataro"]
[Date "2019.05.11"]
[Round "2.11"]
[White "Soldado Pastor, Lucas"]
[Black "Martinez Hernandez, Emili"]
[Result "1-0"]
[WhiteElo "1800"]
[BlackElo "1705"]
[PlyCount "57"]
[EventDate "2019.05.04"]
[EventType "swiss"]
[EventRounds "8"]
[EventCountry "ESP"]
[SourceTitle "EXT 2024"]
[Source "ChessBase"]
[SourceDate "2023.10.10"]
[SourceVersion "1"]
[SourceVersionDate "2023.10.10"]
[SourceQuality "1"]

1. e4 e6 2. d4 d5 3. exd5 Qxd5 4. c4 Qe4+ 5. Be3 Bb4+ 6. Nd2 Nc6 7. a3 Bxd2+ 8. Qxd2 Nf6 9. Nf3 Qf5 10. Bd3 Qh5 11. 0-0 Ng4 12. Bf4 Nxd4 13. Nxd4 e5 14. h3 Nf6 15. Bxe5 Bxh3 16. gxh3 0-0-0 17. Qf4 Ne8 18. Bf5+ Kb8 19. Nb5 a6 20. Nxc7 f6 21. Nxe8+ fxe5 22. Qxe5+ Ka7 23. Qc5+ Ka8 24. Nc7+ Kb8 25. Nxa6+ Ka8 26. Nc7+ Kb8 27. Nb5 Qg5+ 28. Kh1 Qf4 29. Qa7# 1-0

[Event "Mem Vinas 15th A"]
[Site "Mataro"]
[Date "2019.05.04"]
[Round "1.2"]
[White "Vidarte Morales, Arturo"]
[Black "Soldado Pastor, Lucas"]
[Result "1-0"]
[WhiteElo "2364"]
[BlackElo "1800"]
[PlyCount "109"]
[EventDate "2019.05.04"]
[EventType "swiss"]
[EventRounds "8"]
[EventCountry "ESP"]
[SourceTitle "EXT 2024"]
[Source "ChessBase"]
[SourceDate "2023.10.10"]
[SourceVersion "1"]
[SourceVersionDate "2023.10.10"]
[SourceQuality "1"]

1. Nf3 c6 2. g3 d5 3. Bg2 Nf6 4. 0-0 Bg4 5. d3 Nbd7 6. Nc3 e5 7. Qe1 Bb4 8. Nd2 0-0 9. e4 d4 10. Nd1 Re8 11. f3 Be6 12. Qe2 Qc7 13. Nf2 Rac8 14. a3 Bd6 15. Bh3 c5 16. Bxe6 Rxe6 17. a4 a6 18. a5 b6 19. axb6 Nxb6 20. b3 Ra8 21. Nc4 Nxc4 22. dxc4 a5 23. Bd2 Bf8 24. Ra4 Rea6 25. Rfa1 Nd7 26. Qe1 Qb7 27. Rxa5 Nb8 28. Nd3 Rxa5 29. Rxa5 Rxa5 30. Bxa5 Nc6 31. Bd2 Qa7 32. Kg2 Qa2 33. Qc1 f6 34. h4 Bd6 35. Qb2 Qa7 36. Bc1 Nb4 37. Nxb4 cxb4 38. Bd2 Qa3 39. Qb1 Bc5 40. Kf1 Qa7 41. Ke2 Qd7 42. Qa1 Kf7 43. Qa8 Kg6 44. g4 h6 45. Qg8 f5 46. exf5+ Kf6 47. Qd5 Qxd5 48. cxd5 Bf8 49. Kd3 h5 50. Bg5+ Kf7 51. gxh5 Ke8 52. Ke4 Bd6 53. f6 Kf7 54. fxg7 Kxg7 55. Kf5 1-0

[Event "Maresme op 14th"]
[Site "Maresme"]
[Date "2017.11.04"]
[Round "5"]
[White "Soldado Pastor, Lucas"]
[Black "Soler Casado, Manuel"]
[Result "0-1"]
[WhiteElo "1823"]
[BlackElo "1671"]
[PlyCount "68"]
[EventDate "2017.09.30"]
[EventType "swiss"]
[EventRounds "9"]
[EventCountry "ESP"]
[SourceTitle "CBM 181 Extra"]
[Source "ChessBase"]
[SourceDate "2017.12.12"]
[SourceVersion "1"]
[SourceVersionDate "2017.12.12"]
[SourceQuality "1"]

1. e4 c5 2. Nc3 d6 3. f4 Nc6 4. Bb5 Bd7 5. Nf3 a6 6. Bc4 e6 7. a4 Qa5 8. Ra3 g6 9. d3 Bg7 10. Bd2 Qc7 11. Ra1 Nge7 12. 0-0 0-0 13. Qe1 Nd4 14. Nxd4 Bxd4+ 15. Kh1 Bc6 16. Qh4 d5 17. Ba2 dxe4 18. dxe4 Bg7 19. Rf3 Qd7 20. Rd3 Qc7 21. f5 exf5 22. Bg5 Rfe8 23. Rf1 b5 24. Rh3 h5 25. Bxe7 Qxe7 26. Qxe7 Rxe7 27. exf5 Bxc3 28. bxc3 c4 29. fxg6 fxg6 30. Rhf3 Bxf3 31. gxf3 Re2 32. axb5 axb5 33. Ra1 Rd8 34. Rg1 Kg7 0-1

[Event "Mataro Vinas Memorial 13th"]
[Site "Mataro"]
[Date "2017.05.13"]
[Round "3"]
[White "Bimbatti Dorante, Gian Carlos"]
[Black "Soldado Pastor, Lucas"]
[Result "1-0"]
[WhiteElo "1997"]
[BlackElo "1825"]
[PlyCount "59"]
[EventDate "2017.04.22"]
[EventType "swiss"]
[EventRounds "8"]
[EventCountry "ESP"]
[SourceTitle "CBM 187 Extra"]
[Source "ChessBase"]
[SourceDate "2018.11.04"]
[SourceVersion "1"]
[SourceVersionDate "2018.11.04"]
[SourceQuality "1"]

1. e4 c6 2. Nc3 d5 3. Qf3 dxe4 4. Nxe4 Nd7 5. d4 Ngf6 6. Bc4 e6 7. Bg5 Qa5+ 8. Bd2 Qb6 9. Bc3 Nxe4 10. Qxe4 Bb4 11. Ne2 Nf6 12. Qd3 Nd5 13. 0-0 Nxc3 14. Nxc3 0-0 15. Ne4 Rd8 16. Ng5 g6 17. Qh3 h5 18. Qf3 Qc7 19. c3 Bf8 20. Rae1 Qe7 21. Ne4 Bg7 22. h3 b6 23. Qg3 Bb7 24. Ng5 Rd6 25. f4 Rf8 26. f5 Bh6 27. Ne4 Rdd8 28. fxe6 fxe6 29. Qxg6+ Bg7 30. Bxe6+ 1-0

[Event "Mataro Maresme op-A 13th"]
[Site "Mataro"]
[Date "2016.11.05"]
[Round "5"]
[White "Soldado Pastor, Lucas"]
[Black "Busom Isach, Carlos"]
[Result "0-1"]
[WhiteElo "1783"]
[BlackElo "2164"]
[PlyCount "74"]
[EventDate "2016.10.08"]
[EventType "swiss"]
[EventRounds "9"]
[EventCountry "ESP"]
[SourceTitle "EXT 2018"]
[Source "ChessBase"]
[SourceDate "2017.10.13"]
[SourceVersion "1"]
[SourceVersionDate "2017.10.13"]
[SourceQuality "1"]

1. e4 e5 2. Nf3 d6 3. d4 Nd7 4. Bc4 c6 5. 0-0 Be7 6. Nc3 Ngf6 7. Bg5 b5 8. Bd3 a6 9. a4 Bb7 10. a5 0-0 11. Qd2 h6 12. Be3 Ng4 13. Rfd1 Nxe3 14. Qxe3 Re8 15. b4 Qc7 16. Ne2 c5 17. c3 exd4 18. cxd4 c4 19. Rac1 d5 20. e5 Bxb4 21. Qf4 Qxa5 22. Bb1 Nf8 23. Ng3 Ng6 24. Qg4 Bc8 25. Qh5 Qb6 26. Bf5 Bf8 27. e6 Bxe6 28. Bxg6 fxg6 29. Qxg6 Qd8 30. Nh5 Bf7 31. Qf5 Qc8 32. Nf6+ gxf6 33. Qxf6 Bg7 34. Qf4 Re4 35. Qg3 Qb8 36. Qh3 Qd6 37. Nh4 Be6 0-1

[Event "Mataro op 12th"]
[Site "Mataro"]
[Date "2015.11.07"]
[Round "6.1"]
[White "Garcia Garcia, Candido"]
[Black "Soldado Pastor, Lucas"]
[Result "1-0"]
[WhiteElo "1991"]
[BlackElo "1858"]
[PlyCount "63"]
[EventDate "2015.10.03"]
[EventType "swiss"]
[EventRounds "9"]
[EventCountry "ESP"]
[SourceTitle "EXT 2024"]
[Source "ChessBase"]
[SourceDate "2023.10.10"]
[SourceVersion "1"]
[SourceVersionDate "2023.10.10"]
[SourceQuality "1"]

1. e4 c6 2. d4 d5 3. Nc3 dxe4 4. Nxe4 Nd7 5. Ng5 Ngf6 6. Bd3 e6 7. N1f3 Bd6 8. Qe2 h6 9. Ne4 Nxe4 10. Bxe4 Nf6 11. Bd3 Bd7 12. Ne5 Qc7 13. Bd2 c5 14. Nxd7 Nxd7 15. d5 0-0-0 16. dxe6 fxe6 17. Bc3 Be5 18. Bxe5 Nxe5 19. Be4 Qa5+ 20. c3 c4 21. 0-0 Rd6 22. b4 Qc7 23. Bxb7+ Kxb7 24. Qxe5 Rhd8 25. Qe2 Qd7 26. Qxc4 Rd1 27. Raxd1 Qxd1 28. Rxd1 Rxd1+ 29. Qf1 Rxf1+ 30. Kxf1 Kb6 31. c4 a5 32. a3 1-0

[Event "Mataro op 12th"]
[Site "Mataro"]
[Date "2015.10.03"]
[Round "1.11"]
[White "Soldado Pastor, Lucas"]
[Black "Malea Collado, Francesc"]
[Result "1-0"]
[WhiteElo "1858"]
[BlackElo "1700"]
[PlyCount "90"]
[EventDate "2015.10.03"]
[EventType "swiss"]
[EventRounds "9"]
[EventCountry "ESP"]
[SourceTitle "EXT 2024"]
[Source "ChessBase"]
[SourceDate "2023.10.10"]
[SourceVersion "1"]
[SourceVersionDate "2023.10.10"]
[SourceQuality "1"]

1. e4 d6 2. Nf3 Nc6 3. Bb5 a6 4. Ba4 b5 5. Bb3 g6 6. c3 Bg7 7. 0-0 Nf6 8. Re1 e5 9. d4 exd4 10. cxd4 0-0 11. Bg5 h6 12. Bh4 g5 13. Bg3 Re8 14. e5 dxe5 15. Bxe5 Nxe5 16. Rxe5 Bg4 17. Nbd2 Rxe5 18. dxe5 Nd7 19. e6 Bxe6 20. Bxe6 fxe6 21. Qe2 Nc5 22. Rd1 Qf6 23. Ne4 Nxe4 24. Qxe4 Ra7 25. Rd7 Qf5 26. Qe2 g4 27. Nh4 Qb1+ 28. Rd1 Qxa2 29. Rd8+ Kf7 30. Qxg4 Ke7 31. Rd1 Qxb2 32. Ng6+ Kf7 33. Rd7+ Kf6 34. Nf4 Qb1+ 35. Rd1 Qf5 36. Nh5+ Ke7 37. Qxg7+ Qf7 38. Rd7+ Kxd7 39. Qxf7+ Kd6 40. Qf8+ Kc6 41. Qxh6 Kd6 42. Qd2+ Ke7 43. Qd4 Ra8 44. Qc5+ Kf7 45. Qxc7+ Kf8 1-0

[Event "Llinars del Valles op-B 9th"]
[Site "Llinars del Valles"]
[Date "2015.06.13"]
[Round "9"]
[White "Soldado Pastor, Lucas"]
[Black "Company Codina, Abel"]
[Result "1-0"]
[WhiteElo "1829"]
[BlackElo "1914"]
[PlyCount "44"]
[EventDate "2015.04.11"]
[EventType "swiss"]
[EventRounds "9"]
[EventCountry "ESP"]
[SourceTitle "EXT 2018"]
[Source "ChessBase"]
[SourceDate "2017.10.13"]
[SourceVersion "1"]
[SourceVersionDate "2017.10.13"]
[SourceQuality "1"]

1. e4 e6 2. d4 d5 3. exd5 exd5 4. c4 Nf6 5. Nf3 Bb4+ 6. Nc3 0-0 7. Bg5 Re8+ 8. Be2 Be6 9. cxd5 Bxd5 10. 0-0 Bxc3 11. bxc3 h6 12. Bh4 g5 13. Bg3 Ne4 14. Qc2 Nxg3 15. fxg3 Be4 16. Bd3 Bxd3 17. Qxd3 Nc6 18. Qb5 Rb8 19. Rf2 a6 20. Qc4 Na5 21. Qc5 b6 22. Qf5 Qc8 1-0

[Event "Llinars del Valles op-B 8th"]
[Site "Llinars del Valles"]
[Date "2015.04.25"]
[Round "3"]
[White "Sentis Baena, Samuel"]
[Black "Soldado Pastor, Lucas"]
[Result "1/2-1/2"]
[WhiteElo "1778"]
[BlackElo "1829"]
[PlyCount "114"]
[EventDate "2015.04.11"]
[EventType "swiss"]
[EventRounds "9"]
[EventCountry "ESP"]
[SourceTitle "EXT 2016"]
[Source "ChessBase"]
[SourceDate "2015.10.08"]
[SourceVersion "1"]
[SourceVersionDate "2015.10.08"]
[SourceQuality "1"]

1. e4 c6 2. Nc3 d5 3. d4 dxe4 4. Nxe4 Nd7 5. Nf3 Ngf6 6. Nxf6+ Nxf6 7. Bc4 Bg4 8. Bxf7+ Kxf7 9. Ne5+ Kg8 10. Nxg4 Qc7 11. Ne5 e6 12. Bg5 Nd5 13. c4 Bb4+ 14. Bd2 Bxd2+ 15. Qxd2 Nf6 16. h4 Rf8 17. g4 Ne4 18. Qe3 Qa5+ 19. Ke2 Rxf2+ 20. Kd3 Qd2+ 21. Qxd2 Nxd2 22. Ke3 Rg2 23. Rad1 Nxc4+ 24. Nxc4 Rxg4 25. Ne5 Rg2 26. Rhf1 h5 27. Rd2 Rxd2 28. Kxd2 Kh7 29. Rf7 Rd8 30. Kd3 c5 31. Nf3 e5 32. Rxb7 exd4 33. Rxa7 c4+ 34. Kxc4 d3 35. Kc3 Kh6 36. Kd2 Rf8 37. Ne5 Rf2+ 38. Kxd3 Rxb2 39. a4 Rb3+ 40. Kc4 Rh3 41. a5 Rxh4+ 42. Kb5 Rf4 43. Rc7 h4 44. a6 Rf8 45. Rc3 Kh5 46. a7 g5 47. Ra3 Ra8 48. Kb6 g4 49. Nxg4 Kxg4 50. Kb7 Rg8 51. a8Q Rxa8 52. Kxa8 h3 53. Kb7 h2 54. Ra4+ Kg3 55. Ra3+ Kg2 56. Ra2+ Kg3 57. Ra1 Kg2 1/2-1/2

[Event "Mataro op 11th"]
[Site "Mataro"]
[Date "2014.11.01"]
[Round "6"]
[White "Soldado Pastor, Lucas"]
[Black "Gonzalez Rodriguez, Damian"]
[Result "0-1"]
[WhiteElo "1864"]
[BlackElo "1955"]
[PlyCount "78"]
[EventDate "2014.09.27"]
[EventType "swiss"]
[EventRounds "9"]
[EventCountry "ESP"]
[SourceTitle "EXT 2016"]
[Source "ChessBase"]
[SourceDate "2015.10.08"]
[SourceVersion "1"]
[SourceVersionDate "2015.10.08"]
[SourceQuality "1"]

1. e4 e5 2. Nf3 Nc6 3. d4 exd4 4. Nxd4 Nf6 5. Nc3 Bb4 6. Nxc6 dxc6 7. Qxd8+ Kxd8 8. Bg5 Be7 9. 0-0-0+ Ke8 10. Bc4 b5 11. Bb3 a5 12. a4 b4 13. Bxf6 Bxf6 14. e5 Bg5+ 15. f4 Bxf4+ 16. Kb1 bxc3 17. Rhf1 Bd2 18. Bxf7+ Ke7 19. bxc3 Bxc3 20. Bb3 Be6 21. Rf3 Bxb3 22. cxb3 Bb4 23. Kc2 Rhf8 24. Rdf1 Rad8 25. Rxf8 Rxf8 26. Rxf8 Kxf8 27. Kd3 Ke7 28. Ke4 Ke6 29. g4 Bc3 30. Kd3 Bxe5 31. b4 axb4 32. a5 Kd5 33. a6 Bd4 34. Kc2 Kc4 35. h4 b3+ 36. Kb1 Kc3 37. g5 g6 38. Kc1 b2+ 39. Kb1 Ba7 0-1

[Event "Llinars del Valles op-B 8th"]
[Site "Llinars del Valles"]
[Date "2014.06.21"]
[Round "8"]
[White "Rius Riu, Gerard"]
[Black "Soldado Pastor, Lucas"]
[Result "1-0"]
[WhiteElo "1789"]
[BlackElo "1814"]
[PlyCount "101"]
[EventDate "2014.04.26"]
[EventType "swiss"]
[EventRounds "8"]
[EventCountry "ESP"]
[SourceTitle "EXT 2018"]
[Source "ChessBase"]
[SourceDate "2017.10.13"]
[SourceVersion "1"]
[SourceVersionDate "2017.10.13"]
[SourceQuality "1"]

1. d4 Nf6 2. c4 e6 3. Nc3 Bb4 4. Qc2 0-0 5. Nf3 d5 6. Bg5 Re8 7. e3 b6 8. Bd3 h6 9. Bh4 Bb7 10. cxd5 exd5 11. 0-0 Nbd7 12. Rac1 c5 13. Nb5 c4 14. Bf5 Be7 15. Bg3 Ne4 16. Bxe4 dxe4 17. Nd2 c3 18. bxc3 Ba6 19. c4 Bxb5 20. cxb5 Ba3 21. Rb1 Nf6 22. Qb3 Bd6 23. Bxd6 Qxd6 24. h3 Rec8 25. Rbc1 Rc7 26. Rc2 Rac8 27. Rfc1 Qe7 28. Rxc7 Rxc7 29. Rxc7 Qxc7 30. Qc4 Qxc4 31. Nxc4 Nd5 32. Nd6 Nc3 33. Kf1 g6 34. Nc8 Nxb5 35. a4 Nc3 36. Nxa7 Nxa4 37. Nb5 Kf8 38. Ke2 Nb2 39. f3 f5 40. fxe4 fxe4 41. Nd6 Ke7 42. Nxe4 Nc4 43. Nd2 Nxd2 44. Kxd2 Kd6 45. Kc3 Kd5 46. Kb4 g5 47. Kb5 h5 48. Kxb6 g4 49. hxg4 hxg4 50. g3 Ke4 51. Kc5 1-0

[Event "Llinars del Valles op-B 8th"]
[Site "Llinars del Valles"]
[Date "2014.05.10"]
[Round "3"]
[White "Soldado Pastor, Lucas"]
[Black "Viñolas Anglada, Judith"]
[Result "1-0"]
[WhiteElo "1814"]
[BlackElo "1700"]
[PlyCount "53"]
[EventDate "2014.04.26"]
[EventType "swiss"]
[EventRounds "8"]
[EventCountry "ESP"]
[SourceTitle "EXT 2015"]
[Source "ChessBase"]
[SourceDate "2014.11.20"]
[SourceVersion "1"]
[SourceVersionDate "2014.11.20"]
[SourceQuality "1"]

1. e4 c5 2. c3 d6 3. d4 cxd4 4. cxd4 Nf6 5. Nc3 Nc6 6. Nf3 Bd7 7. Bd3 g6 8. 0-0 Bg7 9. Be3 0-0 10. Qd2 Re8 11. Bh6 Bh8 12. h3 e5 13. dxe5 Nxe5 14. Nxe5 dxe5 15. f4 Bc6 16. fxe5 Nxe4 17. Bxe4 Qxd2 18. Bxd2 Bxe4 19. Nxe4 Bxe5 20. Nf6+ Bxf6 21. Rxf6 Kg7 22. Raf1 Rf8 23. Bb4 Rfe8 24. Rxf7+ Kg8 25. Bc3 Rf8 26. Rg7+ Kh8 27. Rxg6+ 1-0

[Event "Llinars del Valles op-B 8th"]
[Site "Llinars del Valles"]
[Date "2014.04.26"]
[Round "1"]
[White "Soldado Pastor, Lucas"]
[Black "Sentis Baena, Samuel"]
[Result "1-0"]
[WhiteElo "1814"]
[BlackElo "1700"]
[PlyCount "137"]
[EventDate "2014.04.26"]
[EventType "swiss"]
[EventRounds "8"]
[EventCountry "ESP"]
[SourceTitle "EXT 2015"]
[Source "ChessBase"]
[SourceDate "2014.11.20"]
[SourceVersion "1"]
[SourceVersionDate "2014.11.20"]
[SourceQuality "1"]

1. e4 e5 2. Nf3 Nc6 3. Bb5 d6 4. d4 exd4 5. Nxd4 Bd7 6. Nxc6 Bxc6 7. Bxc6+ bxc6 8. 0-0 Nf6 9. Nc3 Be7 10. Re1 0-0 11. Bg5 Re8 12. Qf3 Qd7 13. Rad1 Qg4 14. Qxg4 Nxg4 15. Bxe7 Rxe7 16. f3 Nf6 17. Re2 Rae8 18. Red2 g6 19. Ne2 d5 20. Nd4 dxe4 21. Nxc6 Re6 22. Nd4 e3 23. Nxe6 exd2 24. Rxd2 Rxe6 25. Kf2 Rd6 26. Ke2 Rxd2+ 27. Kxd2 Kf8 28. Kd3 Ke8 29. Kd4 Kd7 30. Kc5 c6 31. c4 Ne8 32. b4 h5 33. a4 Nc7 34. b5 cxb5 35. cxb5 Ne6+ 36. Kb4 Kc7 37. a5 Kb7 38. g3 g5 39. Kc4 Kc7 40. h3 f5 41. Kd5 Kd7 42. b6 axb6 43. axb6 Nd8 44. Ke5 Nc6+ 45. Kxf5 Nd4+ 46. Kxg5 Nxf3+ 47. Kxh5 Kc6 48. g4 Kxb6 49. g5 Nxg5 50. Kxg5 Kc7 51. Kf6 Kd8 52. Kf7 Kd7 53. h4 Kd6 54. h5 Ke5 55. h6 Kf5 56. h7 Kg5 57. Kg7 Kf5 58. h8Q Ke6 59. Qf8 Kd7 60. Kf6 Kc7 61. Ke6 Kb7 62. Qc5 Kb8 63. Kd6 Kb7 64. Qc1 Ka7 65. Qb1 Ka6 66. Kc6 Ka5 67. Kc7 Ka4 68. Kc6 Ka5 69. Qb5# 1-0